00735nam a22002057a 4500003000900000008004100009040007100050082001900121110002000140245005200160260005500212300002600267505009100293650002000384650002600404700002100430700001700451700004300468700001800511AR-CdUCM190306b ||||| |||| 00| 0 spa d aMUNICIPALIDAD PROVINCIAL DEL CUSCOcBIBLIOTECA MUNICIPAL DEL CUSCO a803.08 / bB46 aDigest, Readers aBiblioteca de selecciones :bLibros escogidos / aMéxico :bEditorial san Mateo Tecoloapan,c1971. a487 paginas ;c20 cm. aContenido :Sally -- El capricho del rey -- Christian Brnard:mi vida -- La selva cruel. aNovela mexicana aNovelas tradicionales aCunningbam, E.V. aLofts, Norab aBarnard Christian y Bill Peper, Curtis aCaillon, Alan